[Event "Hotel Montesano op-A"]
[Site "Villa San Giovanni"]
[Date "2005.09.14"]
[Round "8"]
[White "Tirrito, Luca"]
[Black "Rombaldoni, Denis"]
[Result "0-1"]
[WhiteElo "2140"]
[BlackElo "2327"]
[PlyCount "46"]
[EventDate "2005.09.07"]
[EventType "swiss"]
[EventRounds "9"]
[EventCountry "ITA"]
[SourceTitle "CBM 108 Extra"]
[Source "ChessBase"]
[SourceDate "2005.11.04"]
[SourceVersion "1"]
[SourceVersionDate "2005.11.04"]
[SourceQuality "1"]

1. e4 g6 2. f4 d5 3. e5 c5 4. d3 h5 5. g3 Nh6 6. h3 Nf5 7. Ne2 Bd7 8. Bg2 e6 9. a4 Bc6 10. Nbc3 Bg7 11. Kf2 f6 12. exf6 Bxf6 13. Re1 Qd6 14. Ng1 Bd4+ 15. Kf3 g5 16. Nge2 g4+ 17. hxg4 hxg4+ 18. Kxg4 e5 19. Bh1 Qg6+ 20. Kf3 Qh5+ 21. Kg2 Qh2+ 22. Kf3 Qh5+ 23. Kg2 Qh3+ 0-1

[Event "Hotel Montesano op-A"]
[Site "Villa San Giovanni"]
[Date "2005.09.13"]
[Round "7"]
[White "Sardo, Gabriele"]
[Black "Tirrito, Luca"]
[Result "1/2-1/2"]
[WhiteElo "2222"]
[BlackElo "2140"]
[PlyCount "120"]
[EventDate "2005.09.07"]
[EventType "swiss"]
[EventRounds "9"]
[EventCountry "ITA"]
[SourceTitle "CBM 108 Extra"]
[Source "ChessBase"]
[SourceDate "2005.11.04"]
[SourceVersion "1"]
[SourceVersionDate "2005.11.04"]
[SourceQuality "1"]

1. e4 e5 2. Nf3 d6 3. d4 exd4 4. Nxd4 Nf6 5. Nc3 Be7 6. Be2 0-0 7. 0-0 c5 8. Nb3 Nc6 9. Bf4 a6 10. Qd2 Be6 11. Rad1 Ne5 12. Nxc5 dxc5 13. Bxe5 b5 14. Nd5 Nxe4 15. Nxe7+ Qxe7 16. Qe3 Qb7 17. f3 Nf6 18. Bxf6 gxf6 19. Bd3 c4 20. Be4 Qa7 21. Rd4 Rad8 22. Rfd1 Rxd4 23. Qxd4 Qxd4+ 24. Rxd4 Rb8 25. Rd6 f5 26. Bd5 Re8 27. Kf2 Kg7 28. f4 Bxd5 29. Rxd5 Kf6 30. h3 Re6 31. Kf3 h5 32. g3 Re1 33. Rd6+ Re6 34. Rd8 Re1 35. Ra8 Re6 36. Rh8 Kg6 37. Rg8+ Kh6 38. Rg5 Rf6 39. c3 Rd6 40. Rxf5 f6 41. g4 hxg4+ 42. Kxg4 Kg7 43. Rc5 Rd2 44. Rc7+ Kg6 45. f5+ Kh6 46. Rf7 a5 47. Rxf6+ Kg7 48. Rg6+ Kf7 49. b3 cxb3 50. axb3 Rg2+ 51. Kf4 Rb2 52. Rc6 Rxb3 53. Kg5 b4 54. Rc7+ Kf8 55. cxb4 axb4 56. Kg6 Rxh3 57. Rc8+ Ke7 58. f6+ Ke6 59. Re8+ Kd5 60. f7 Rg3+ 1/2-1/2

[Event "Hotel Montesano op-A"]
[Site "Villa San Giovanni"]
[Date "2005.09.12"]
[Round "6"]
[White "Tirrito, Luca"]
[Black "Lupo, Francesco"]
[Result "1-0"]
[WhiteElo "2140"]
[BlackElo "1891"]
[PlyCount "81"]
[EventDate "2005.09.07"]
[EventType "swiss"]
[EventRounds "9"]
[EventCountry "ITA"]
[SourceTitle "CBM 108 Extra"]
[Source "ChessBase"]
[SourceDate "2005.11.04"]
[SourceVersion "1"]
[SourceVersionDate "2005.11.04"]
[SourceQuality "1"]

1. e4 e5 2. Nf3 Nf6 3. d3 d6 4. Be2 Be7 5. 0-0 0-0 6. Re1 Nbd7 7. Bf1 Re8 8. c3 Nf8 9. g3 Be6 10. d4 Ng6 11. Ng5 Nf8 12. Nxe6 Nxe6 13. d5 Nf8 14. Bh3 N6d7 15. Nd2 Bf6 16. Nc4 Ng6 17. Ne3 Bg5 18. Bf5 Ne7 19. Qg4 Bxe3 20. Bxd7 Bxc1 21. Bxe8 Bxb2 22. Rab1 Bxc3 23. Bxf7+ Kh8 24. Rbc1 Bd4 25. Rc2 Bb6 26. Kg2 Qf8 27. Qe6 Ng8 28. Bxg8 Qxg8 29. Qxg8+ Kxg8 30. f4 Re8 31. f5 Kf7 32. Kf3 Re7 33. g4 Kg8 34. h4 Rf7 35. g5 Rd7 36. Kg4 Kf8 37. f6 g6 38. h5 Kg8 39. Rh1 Be3 40. hxg6 hxg6 41. Rch2 1-0

[Event "Genova op 8th"]
[Site "Genova"]
[Date "2004.08.11"]
[Round "3"]
[White "Tirrito, Luca"]
[Black "Scheerer, Christoph"]
[Result "0-1"]
[WhiteElo "2043"]
[BlackElo "2410"]
[PlyCount "44"]
[EventDate "2004.08.09"]
[EventType "swiss"]
[EventRounds "9"]
[EventCountry "ITA"]
[SourceTitle "CBM 101 Extra"]
[Source "ChessBase"]
[SourceDate "2004.09.01"]
[SourceVersion "2"]
[SourceVersionDate "2004.09.01"]
[SourceQuality "1"]

1. e4 e5 2. Nf3 Nc6 3. Bb5 Nd4 4. Nxd4 exd4 5. f4 c6 6. Be2 d5 7. e5 Bc5 8. d3 h5 9. Nd2 Nh6 10. Nf3 Nf5 11. 0-0 g6 12. Ng5 Qb6 13. a3 a5 14. b3 Be7 15. Nf3 c5 16. Kh1 h4 17. Re1 a4 18. bxa4 c4 19. g4 hxg3 20. dxc4 d3 21. Bf1 Qf2 22. Bg2 gxh2 0-1

[Event "Bratto op 23rd"]
[Site "Bratto"]
[Date "2003.??.??"]
[Round "1"]
[White "Salami, Marco"]
[Black "Tirrito, Luca"]
[Result "1-0"]
[WhiteElo "2177"]
[BlackElo "2036"]
[PlyCount "79"]
[EventDate "2003.08.21"]
[EventType "swiss"]
[EventRounds "9"]
[EventCountry "ITA"]
[SourceTitle "EXT 2004"]
[Source "ChessBase"]
[SourceDate "2003.11.25"]
[SourceVersion "1"]
[SourceVersionDate "2003.11.25"]
[SourceQuality "1"]

1. e4 e5 2. f4 Nf6 3. fxe5 Nxe4 4. Nf3 Ng5 5. d3 Nxf3+ 6. Qxf3 Nc6 7. Qe4 Bc5 8. c3 0-0 9. d4 d5 10. Qf4 Bb6 11. Bd3 Qe7 12. b3 Re8 13. Ba3 Qe6 14. Rf1 Ne7 15. Nd2 Ba5 16. Rc1 c6 17. Kf2 Ng6 18. Qg3 Bb6 19. Kg1 Qg4 20. Qxg4 Bxg4 21. Kh1 Rac8 22. b4 a5 23. h3 Bd7 24. bxa5 Bxa5 25. Nb3 Ra8 26. Bd6 Bd8 27. Rf2 Bb6 28. Nc5 Bc8 29. Rcf1 Bxc5 30. Bxc5 Be6 31. a3 Ne7 32. Rb2 b5 33. Rbf2 g6 34. g4 Kg7 35. Kg2 Rab8 36. Rb1 Ra8 37. Kg3 Ng8 38. Ra2 Rf8 39. Rh1 h5 40. Be2 1-0

[Event "Bratto op 22nd"]
[Site "Bratto"]
[Date "2002.08.26"]
[Round "7"]
[White "Piva, Giorgio"]
[Black "Tirrito, Luca"]
[Result "1-0"]
[WhiteElo "2135"]
[BlackElo "2081"]
[PlyCount "57"]
[EventDate "2002.08.20"]
[EventType "swiss"]
[EventRounds "9"]
[EventCountry "ITA"]
[SourceTitle "EXT 2003"]
[Source "ChessBase"]
[SourceDate "2002.11.25"]
[SourceVersion "1"]
[SourceVersionDate "2002.11.25"]
[SourceQuality "1"]

1. d4 Nf6 2. Bg5 e6 3. e4 Be7 4. e5 Nd5 5. Bxe7 Nxe7 6. Nc3 d5 7. exd6 Qxd6 8. Nf3 c6 9. Bd3 Nd7 10. Qe2 Nf6 11. 0-0-0 Ned5 12. Nxd5 cxd5 13. Ne5 0-0 14. g4 Nd7 15. g5 Nxe5 16. dxe5 Qb4 17. Kb1 Bd7 18. Rhg1 Qh4 19. Rg4 Qh3 20. Rg3 Qh4 21. f4 Bc6 22. Rdg1 d4 23. Qf1 Qxh2 24. Rh3 Bg2 25. Rxh2 Bxf1 26. Bxh7+ Kh8 27. Be4+ Kg8 28. Rgh1 f6 29. g6 1-0

[Event "Bratto op 22nd"]
[Site "Bratto"]
[Date "2002.08.24"]
[Round "5"]
[White "Grooten, Herman"]
[Black "Tirrito, Luca"]
[Result "1/2-1/2"]
[WhiteElo "2375"]
[BlackElo "2081"]
[PlyCount "134"]
[EventDate "2002.08.20"]
[EventType "swiss"]
[EventRounds "9"]
[EventCountry "ITA"]
[SourceTitle "EXT 2003"]
[Source "ChessBase"]
[SourceDate "2002.11.25"]
[SourceVersion "1"]
[SourceVersionDate "2002.11.25"]
[SourceQuality "1"]

1. d4 Nf6 2. c4 e6 3. Nf3 Bb4+ 4. Nbd2 Ne4 5. a3 Bxd2+ 6. Nxd2 Nxd2 7. Bxd2 d5 8. Bf4 0-0 9. e3 Nd7 10. Qc2 Nf6 11. Bd3 c6 12. Be5 dxc4 13. Bxc4 Ng4 14. Bg3 Qa5+ 15. b4 Qg5 16. h4 Qe7 17. Be2 Nf6 18. Qc5 Qxc5 19. bxc5 Ne4 20. Bc7 f6 21. f3 Rf7 22. Bh2 Nc3 23. Bc4 Nd5 24. Kf2 b5 25. Bb3 f5 26. Ke2 a5 27. Kd2 f4 28. exf4 Nxf4 29. Bxf4 Rxf4 30. Ke3 Rf6 31. h5 Bd7 32. Rh4 Be8 33. Rah1 b4 34. Re4 bxa3 35. Rxe6 Rxe6+ 36. Bxe6+ Kf8 37. g4 Rb8 38. Ra1 Bxh5 39. d5 cxd5 40. Bxd5 Bf7 41. Bxf7 Kxf7 42. Rxa3 Rb5 43. Kd4 Ke6 44. Re3+ Kd7 45. Kc4 Rb4+ 46. Kd5 Rb5 47. Re4 Rb3 48. Rf4 Rd3+ 49. Kc4 Ra3 50. Kb5 Ke6 51. Rd4 Rxf3 52. Kxa5 Rb3 53. c6 h6 54. Rc4 Ra3+ 55. Kb4 Ra8 56. Kc5 Rc8 57. Re4+ Kf6 58. Kb6 g6 59. Kb7 Rh8 60. c7 Kg5 61. c8Q Rxc8 62. Kxc8 h5 63. Kd7 hxg4 64. Ke6 g3 65. Kf7 g2 66. Re6 Kg4 67. Rxg6+ Kf3 1/2-1/2

[Event "UISP-ch 21st"]
[Site "Palermo"]
[Date "2000.??.??"]
[Round "5"]
[White "Tirrito, Luca"]
[Black "Bottini, Paolo"]
[Result "0-1"]
[WhiteElo "1653"]
[BlackElo "2000"]
[PlyCount "72"]
[EventDate "2000.12.??"]
[EventType "swiss"]
[EventRounds "7"]
[EventCountry "ITA"]
[SourceTitle "EXT 2005"]
[Source "ChessBase"]
[SourceDate "2004.11.15"]
[SourceVersion "1"]
[SourceVersionDate "2004.11.15"]
[SourceQuality "1"]

1. e4 c5 2. c4 Nc6 3. d3 g6 4. Be3 d6 5. Nc3 Bg7 6. Be2 e6 7. Qd2 Nd4 8. Bd1 h6 9. a4 Nf6 10. a5 Rb8 11. Bxd4 cxd4 12. Nb5 0-0 13. Nf3 d5 14. e5 Nd7 15. Qf4 dxc4 16. dxc4 a6 17. Nbxd4 Qc7 18. 0-0 Nxe5 19. Qc1 Qxc4 20. Qf4 Nxf3+ 21. Bxf3 e5 22. Qg3 Qxd4 23. Rfd1 Qb4 24. Bd5 Bf5 25. h4 h5 26. Qg5 b5 27. Bf3 Bg4 28. Bxg4 hxg4 29. g3 Qxb2 30. h5 gxh5 31. Qxh5 Qe2 32. Qg5 b4 33. Re1 Qc4 34. Rxe5 f6 35. Rc5 fxg5 36. Rxc4 Bxa1 0-1